000 00460nam a2200145 a 4500
001 000049060
005 20201002061624.0
008 190716s2004 dr a r 000 0 spa d
040 _aDO-SdBNP
_bspa
_cBNPHU
082 _axxxx
_bH673d
245 0 0 _aHistoria de la Banca en la República Dominicana.
260 _aSanto Domingo :
_bBanco Antillano
_bMuseo Nacional de Historia y Geografía,
_c[s.f.].
300 _a80 p. ;
_c21 cm.
590 _aInventariado, 2019/BT
999 _c48548
_d48548